Every Governor of Connecticut - Statistics

General Stats
  • This quiz has been taken 30 times
    23 since last reset
  • The average score is 7 of 74
Answer Stats
Picture Hint Answer % Correct
D(2019-) Ned Lamont
100%
D(2011-2019) Dannel Malloy
67%
I(1991-1995) Lowell Weicker
58%
R(2004-2011) Jodi Rell
50%
D(1955-1961) Abraham Ribicoff
42%
D(1975-1980) Ella Grasso
33%
R(1995-2004) John G. Rowland
25%
F(1812-1817) John Cotton Smith
17%
R(1951-1955) John Davis Lodge
17%
R(1925-1931) John H. Trumbull
17%
NP(1769-1784) Jonathan Trumbull
17%
F(1797-1809) Jonathan Trumbull Jr.
17%
W(1849-1850) Joseph Trumbull
17%
F(1796-1797) Oliver Wolcott
17%
TR(1817-1827) Oliver Wolcott Jr.
17%
D(1931-1939) Wilbur Lucius Cross
17%
R(1879-1881) Charles B. Andrews
8%
D(1946-1947) Charles Wilbert Snow
8%
D(1949-1951) Chester B. Bowles
8%
R(1925-1925) Hiram Bingham III
8%
D(1961-1971) John N. Dempsey
8%
R(1871-1873) Marshall Jewell
8%
R(1869-1870) Marshall Jewell
8%
F(1784-1786) Matthew Griswold
8%
R(1889-1893) Morgan Bulkeley
8%
R(1943-1946) Raymond E. Baldwin
8%
R(1939-1941) Raymond E. Baldwin
8%
F(1811-1812) Roger Griswold
8%
W(1844-1846) Roger Sherman Baldwin
8%
D(1911-1915) Simeon Eben Baldwin
8%
D(1850-1853) Thomas H. Seymour
8%
R(1971-1975) Thomas Meskill
8%
D(1980-1991) William A. O'Neill
8%
W(1838-1842) William W. Ellsworth
8%
R(1903-1905) Abiram Chamberlain
0%
R(1857-1858) Alexander H. Holley
0%
R(1923-1925) Charles A. Templeton
0%
D(1853-1854) Charles H. Pond
0%
D(1873-1877) Charles Roberts Ingersoll
0%
D(1842-1844) Chauncey Fitch Cleveland
0%
W(1847-1849) Clark Bissell
0%
R(1921-1923) Everett J. Lake
0%
R(1909-1911) Frank B. Weeks
0%
R(1889-1901) George E. Lounsbury
0%
R(1909-1909) George L. Lilley
0%
R(1901-1903) George P. McLean
0%
NR(1827-1831) Gideon Tomlinson
0%
R(1885-1887) Henry Baldwin Harrison
0%
W(1854-1855) Henry Dutton
0%
R(1905-1907) Henry Roberts
0%
D(1835-1838) Henry W. Edwards
0%
D(1833-1834) Henry W. Edwards
0%
R(1881-1883) Hobart B. Bigelow
0%
D(1846-1847) Isaac Toucey
0%
R(1948-1949) James C. Shannon
0%
D(1870-1871) James E. English
0%
D(1867-1869) James E. English
0%
R(1947-1948) James L. McConaughy
0%
NR(1831-1833) John Samuel Peters
0%
F(1809-1811) John Treadwell
0%
R(1866-1867) Joseph Roswell Hawley
0%
R(1897-1899) Lorrin A. Cooke
0%
D(1893-1895) Luzon B. Morris
0%
R(1915-1921) Marcus H. Holcomb
0%
R(1895-1897) Owen Vincent Coffin
0%
R(1887-1889) Phineas C. Lounsbury
0%
D(1887-1879) Richard D. Hubbard
0%
D(1941-1943) Robert A. Hurley
0%
R(1907-1909) Rollin S. Woodruff
0%
W(1834-1835) Samuel A. Foot
0%
F(1786-1796) Samuel Huntington
0%
D(1883-1885) Thomas M. Waller
0%
R(1856-1866) William Alfred Buckingham
0%
A(1855-1857) William T. Minor
0%
No matching quizzes found
Score Distribution
Percent of People with Each Score
Percentile by Number Answered
Your Score History
You have not taken this quiz since the last reset